A safer workplace (Record no. 117543)
[ view plain ]
| 000 -LEADER | |
|---|---|
| fixed length control field | 01547cam a2200253 4500 |
| 001 - CONTROL NUMBER | |
| control field | ABS67891 |
| 008 - FIXED-LENGTH DATA ELEMENTS--GENERAL INFORMATION | |
| fixed length control field | 040618n2004 000 0 eng u |
| 035 ## - SYSTEM CONTROL NUMBER | |
| System control number | (Sirsi) u126509 |
| 100 ## - MAIN ENTRY--PERSONAL NAME | |
| Personal name | Clayfield, R. |
| 245 #2 - TITLE STATEMENT | |
| Title | A safer workplace |
| 260 ## - PUBLICATION, DISTRIBUTION, ETC. | |
| Date of publication, distribution, etc. | 2004 |
| 490 ## - SERIES STATEMENT | |
| Series statement | Estates Gazette |
| Volume/sequential designation | (0420) 15 May 2004, 161(1) |
| 520 ## - SUMMARY, ETC. | |
| Summary, etc. | Looks at strict new rules to be introduced by the HSE, aimed at reducing the high rate of fatal accidents in the construction industry. The HSE is targeting three main areas, including falls from height and employee transportation. Larger fines are proposed for offences and a new offence of corporate killing is to be introduced. Recommends that directors and managers become more proactive and ensure all risk assessments, method statements etc., are prepared, implemented and updated, to help reduce the number of workplace deaths and injuries. These measures will eventually save time and money and protect business reputation. The European Agency for Health and Safety at Work (EASHW) is also proposing to concentrate on the construction industry. More information on the EASHW is available from http://europe.osha.eu.int/. |
| 590 ## - LOCAL NOTE (RLIN) | |
| Local note | ABS |
| 590 ## - LOCAL NOTE (RLIN) | |
| Local note | ABS |
| 650 ## - SUBJECT ADDED ENTRY--TOPICAL TERM | |
| Topical term or geographic name entry element | ACCIDENT RATE |
| 650 ## - SUBJECT ADDED ENTRY--TOPICAL TERM | |
| Topical term or geographic name entry element | FATAL ACCIDENTS |
| 650 ## - SUBJECT ADDED ENTRY--TOPICAL TERM | |
| Topical term or geographic name entry element | CORPORATE KILLING |
| 650 ## - SUBJECT ADDED ENTRY--TOPICAL TERM | |
| Topical term or geographic name entry element | CORPORATE MANSLAUGHTER |
| 690 ## - LOCAL SUBJECT ADDED ENTRY--TOPICAL TERM (OCLC, RLIN) | |
| Topical term or geographic name as entry element | BUILDING AND CONSTRUCTION-HEALTH AND SAFETY |
| 856 ## - ELECTRONIC LOCATION AND ACCESS | |
| Host name | http://europe.osha.eu.int/ |
| Public note | View the EASHW website... |
| 856 ## - ELECTRONIC LOCATION AND ACCESS | |
| Host name | http://europe.osha.eu.int/ |
| Public note | View the EASHW website... |
| 942 ## - ADDED ENTRY ELEMENTS (KOHA) | |
| Suppress in OPAC | 0 |
| Withdrawn status | Lost status | Source of classification or shelving scheme | Damaged status | Not for loan | Home library | Current library | Shelving location | Date acquired | Total Checkouts | Full call number | Barcode | Date last seen | Copy number | Price effective from | Koha item type |
|---|---|---|---|---|---|---|---|---|---|---|---|---|---|---|---|
| Dewey Decimal Classification | London | London | Journal article | 18/06/2004 | ABS67891 | 126509-1001 | 06/08/2019 | 1 | 06/08/2019 | Journal article |